000 01131nam a2200325 c 4500
003 BLK
005 20241125085416.0
008 180408b bul|||||r ||||||| ||bul||
010 _aKNG00060754000
040 _aBLK
041 _aBUL
_cBUL
080 _aРъководство. Учители. Друг персонал
_b37.091.113
_x
_z37.091.113
100 1 _aЖекова, Стоянка
_eпърви автор
_gМарева, Стоянка Жекова
_9367947
139 _aЖекова, Стоянка
_bЖ32С
245 1 0 _aПсихология на учителя
_bИзследване
_cСтоянка Жекова.
257 _aBGR
260 София
_bНар. просв.
_c1984
300 _a184 с.
_c21 см
380 _a3
650 4 _aУчители - подготовка
_9245694
653 _aучители
653 _aподготовка за училище
653 _aпсихология
852 _aЦб 129345
856 4 _qpdf
_u
856 4 _qpdf
_u
942 _cKNG
_n0
_08
944 _aCR
_c13.06.2004
_k30534
_lРадостина Карадакова
944 _aED
_c17.08.2015
_k
999 _c56768
_d56768